| 000 | 00553nam a2200181Ia 4500 | ||
|---|---|---|---|
| 008 | 090124s9999 xx 000 0 und d | ||
| 082 |
_b7074 _a1970 |
||
| 100 | _aपरांजपे शकुंतलाबाई | ||
| 245 | _a घरचा मालक | ||
| 250 | _a1 | ||
| 260 | _c1948 | ||
| 300 | _a221 | ||
| 600 | _aपरांजपे शकुंतलाबाई | ||
| 630 | _a घरचा मालक | ||
| 700 | _aपरांजपे शकुंतलाबाई | ||
| 730 | _a घरचा मालक | ||
| 942 | _cBOOK | ||
| 999 |
_c121015 _d121015 |
||